Statistics for Carl Froch A-Z

Click here to take the quiz!

General Stats

  • This quiz has been taken 2 times
  • The average score is 17 of 21

Answer Stats

LetterQuestionAnswer% Correct
AFroch has a well-known feud against which American fighter who beat him in 2011?Andre Ward
100%
EAfter 2011 who promoted Carl Froch's fights?Eddie Hearn
100%
FFroch's 27th victory came in which country?Finland
100%
GWho did his last two and arguably most famous fights come against?George Groves
100%
JThis Jamaican fighter fought Froch in the 2011 Super Six World Boxing ClassicGlen Johnson
100%
HWho promoted Carl's fights up until 2011?Mick Hennessey
100%
MWhich weight category did Froch fight at Youth Level?Middleweight
100%
KCarl's first loss came against this daneMikkel Kessler
100%
NHe was born in what UK cityNottingham
100%
OHis stanceOrthodox
100%
RHis wife's nameRachel
100%
SWhich TV channel is Froch a regular commentator on?Sky Sports
100%
CWhat is Froch's nickname?The Cobra
100%
UFroch's first fight outside of the UK came in which countryUnited States of America
100%
WWhich stadium does Carl regularly remind everyone that he knocked someone out in front of 80000 fans?Wembley Stadium
100%
DFroch beat this American boxer by split decision in 2012Andre Dirrell
50%
THe retained his WBC super-middleweight title by TKO against this American fighter?Jermaine Taylor
50%
LCarl's first win after his final loss to Andre Ward came against this RomanianLucian Bute
50%
YWhich London arena did Froch fight his debut at?York Hall
50%
PWho did he beat to win his first professional title?Alan Page
0%
BCarl won 2 gold medals at the English national championships in which English Town?Barnsley
0%

Score Distribution

Percentile by Number Answered

Percent of People with Each Score

Your Score History

You have not taken this quiz